| 000 | 00462nam a2200169 4500 | ||
|---|---|---|---|
| 001 | 120635 | ||
| 003 | ES-MaACL | ||
| 005 | 20230906191606.0 | ||
| 007 | t| | ||
| 008 | 070214s1978 sp r ||||1| spa d | ||
| 100 | 1 |
_aPozo Pardo, Alberto del. _993550 |
|
| 245 | 1 | 3 |
_aLa didáctica hoy / _cAlberto del Pozo Pardo. |
| 250 | _a1ª ed. | ||
| 260 |
_aBurgos : _bSantiago Rodríguez, _c1978. |
||
| 300 |
_a590 p. ; _c24 cm. |
||
| 852 |
_aES-MaACL _jA-10117 _bR.98749 |
||
| 999 |
_c120635 _d120635 |
||